Wskaż intruza – miasta Polski - Statystyki

Ogólne statystyki
  • Ten quiz został rozwiązany 95 razy
  • Średni wynik to 11 z 15
Statystyki odpowiedzi
Zagadnienie Odpowiedź % Poprawnych
Miasta nadmorskie Międzyrzecz
93%
Historyczne stolice Polski Kalisz
88%
Miasta nad Wisłą Łódź
86%
Miasta województwa śląskiego Oświęcim
80%
Miasta dotykające granicy państwa Zamość
77%
Miasta na prawach powiatu Inowrocław
74%
Miasta z trolejbusami Warszawa
73%
Miasta-gospodarze Euro 2012 Kraków
65%
Miasta z tramwajami Lublin
65%
Siedziby powiatu Andrychów
60%
Uzdrowiska Sokołów Małopolski
60%
Miasta województwa pomorskiego Sławno
59%
Miasta na Ziemiach Odzyskanych Gdynia
58%
Miasta prezydenckie Mińsk Mazowiecki
57%
Miasto, którego klub piłkarski zdobył mistrzostwo Polski Szczecin
55%
Nie znaleziono quizów pasujących do podanych kryteriów
Rozkład punktacji
Procent ludzi z każdym wynikiem
Percentyl według liczby udzielonych odpowiedzi
Twoja historia wyników
Nie rozwiązałeś tego quizu